Govt. of
Madhya Pradesh

The Wealthy spirit (Record no. 32347)

MARC details
000 -LEADER
fixed length control field 002960000a22001330004500
003 - CONTROL NUMBER IDENTIFIER
control field MACL
040 ## - CATALOGING SOURCE
Original cataloging agency MACL
090 ## - LOCALLY ASSIGNED LC-TYPE CALL NUMBER (OCLC); LOCAL CALL NUMBER (RLIN)
-- 32681
-- 32679
100 ## - MAIN ENTRY--PERSONAL NAME
Personal name Campbell, Chellie
245 ## - TITLE STATEMENT
Title The Wealthy spirit
260 ## - PUBLICATION, DISTRIBUTION, ETC. (IMPRINT)
Name of publisher, distributor, etc. Magna Publishing
Date of publication, distribution, etc. 2002
650 ## - SUBJECT ADDED ENTRY--TOPICAL TERM
Topical term or geographic name as entry element Economics & Land
942 ## - ADDED ENTRY ELEMENTS (KOHA)
Koha item type Library Membar
Call number prefix 330.16/Cam
Holdings
Withdrawn status Lost status Damaged status Not for loan Home library Current library Date acquired Total Checkouts Full call number Barcode Date last seen Uniform Resource Identifier Price effective from Koha item type
        MACL MACL 15/04/2015   330.16/Cam BOOK CLC3734 29/04/2015 32402 15/04/2015 Books